| 000 | 00346nam a2200097Ia 4500 | ||
|---|---|---|---|
| 082 | _a338.96|JERV | ||
| 245 | 0 | _aPoor numbers : how we are misled by African development statistics and what to do about it | |
| 100 |
_a Jerven, Morten, , 1978- Claremont, South Africa, 2013 _952210 |
||
| 942 | _cBK | ||
| 008 | 210817s9999 xx 000 0 und d | ||
| 999 |
_c166524 _d166523 |
||